Chambéry - Choix multiples - Statistiques

Statistiques générales
  • Ce quiz a été pris 143 fois
  • Le résultat moyen est 7 sur 10
Statistiques - réponses
Question Réponse % Correct
Quelle croix est visible depuis Chambéry ? Croix du Nivolet
89%
Quel produit de la marque Alpina Savoie (dont le siège est situé à Chambéry) est célèbre dans tout le département ? Crozet
83%
Dans quels sports les joueurs de Chambéry jouent-ils à haut niveau ? Handball et Hockey sur glace
83%
Quelle photo représente le château des ducs de Chambéry ?
82%
Quel édifice culturel se trouve en face du palais de justice ? Musée des Beaux-Arts
82%
Sur quelle commune est situé l'aéroport Chambéry - Savoie-Mont-Blanc ? Viviers-du-lac
81%
Quel cours d'eau, prenant sa source dans les Bauges, traverse Chambéry ? La Leysse
75%
Quelle est la devise de Chambéry, en latin ? Custodibus istis
55%
En quelle année Chambéry devient-elle définitivement une ville française ? 1860
47%
Quel événement culturel se déroule tous les ans à Chambéry ? Festival international de la bande-dessinée
33%
Aucun quiz correspondant
Distribution des résultats
% des personnes avec chaque résultat
Percentile par nombre de réponses
Votre historique - résultats
Vous n’avez pas pris ce quiz